00257nam a2200109Ia 4500008004100000100003000041245002400071260001900095650001100114942000700125999001500132190216s9999||||xx |||||||||||||| ||und|| aKesavan Nair & Secria 0aText Book Of Botany bViswanathan S. aBotany cBK c1019d1019